| 000 | 00915pam a2200265 a 4500 | ||
|---|---|---|---|
| 999 |
_c3846 _d3846 |
||
| 001 | 3506379 | ||
| 003 | Nust | ||
| 005 | 20170105101226.0 | ||
| 008 | 950717s1996 njua 001 0 eng | ||
| 010 | _a 95031256 | ||
| 020 | _a0023002921 | ||
| 040 |
_aDLC _cDLC _dDLC |
||
| 050 | 0 | 0 |
_aHD30.22 _b.A27 1996 |
| 082 | 0 | 0 |
_a338.5/024658 _220 |
| 100 | 1 | _aÁcs, Zoltán J. | |
| 245 | 1 | 0 |
_aManagerial economics and organization / _cZoltan J. Acs and Daniel A. Gerlowski. |
| 260 |
_aUpper Saddle River, N.J. : _bPrentice Hall, _c1996. |
||
| 300 |
_axxv, 464 p. : _bill. (some col.) ; _c 26 cm. |
||
| 504 | _aIncludes bibliographical references and index. | ||
| 650 | 0 | _aManagerial economics. | |
| 700 | 1 | _aGerlowski, Daniel A. | |
| 906 |
_a7 _bcbu _corignew _d1 _eocip _f19 _gy-gencatlg |
||
| 942 |
_2ddc _cBK |
||